000 00387nam a2200157Ia 4500
008 221030s9999 xx 000 0 und d
020 _a8170299497
041 _aEnglish
082 _a105.23
_bMis
100 _aT. R. Mishra
245 0 _aZener Diodes & Their Applications
_cby T. R. Mishra
260 _bBPB Pub
_aNew Delhi
_c2002
300 _a183
650 _aBE Computer
942 _cBK
999 _c649
_d649